Nueva Geografía Universal (Record no. 112884)

MARC details
000 -LEADER
campo de control de longitud fija 00425nam a2200145 4500
001 - NÚMERO DE CONTROL
campo de control 112884
003 - IDENTIFICADOR DE NÚMERO DE CONTROL
campo de control ES-MaACL
007 - CAMPO FIJO DE DESCRIPCIÓN FÍSICA--INFORMACIÓN GENERAL
campo de control de longitud fija t|
008 - DATOS DE LONGITUD FIJA--INFORMACIÓN GENERAL
campo de control de longitud fija 061121m19111917sp r ||||1| spa d
245 00 - MENCIÓN DEL TÍTULO
Título Nueva Geografía Universal
Resto del título : los países y las razas.
250 ## - MENCION DE EDICION
Mención de edición Ed. ilustrada.
260 ## - PUBLICACIÓN, DISTRIBUCIÓN, ETC.
Lugar de publicación, distribución, etc. Barcelona :
Nombre del editor, distribuidor, etc. Montaner y Simón,
Fecha de publicación, distribución, etc. 1911-17.
300 ## - DESCRIPCIÓN FÍSICA
Extensión 10 v., 524 lám. :
Otras características físicas il. ;
Dimensiones 30 cm +
Material acompañante/anejo 4 map.
852 ## - LOCALIZACIÓN
Ubicación ES-MaACL
Número de control de estantería B-414-23
Holdings
Estatus retirado Estado de pérdida Estado de daño No para préstamo Biblioteca de origen Biblioteca actual Ubicación en estantería Fecha de adquisición Fuente de adquisición Total de préstamos Signatura topográfica completa Código de barras Visto por última vez Precio de reemplazo Tipo de ítem Koha
        Biblioteca del Ateneo de Madrid Biblioteca del Ateneo de Madrid Sala Pardo Bazán 17/01/2008     B-414-23 1117749 23/02/2023 23/02/2023 Libro impreso